000 00577nam a22001937a 4500
005 20251108165009.0
008 250721s1995 xx 000 0 ara d
082 1 4 _a898.309/داو
100 1 _aسلوم، داود
245 1 0 _aالشخصية العربية في روايات أمريكا اللاتينية /
250 _aط3.
264 1 _aبيروت :
_bدار الجيل،
_c1995.
300 _a144ص
650 1 7 _aالأدب الأميركي اللاتيني
650 1 7 _aالنقد الأدبي
650 1 7 _aالقصص
942 _2ddc
_cBK
999 _c19449
_d19449